Sports Quiz

Random Sports or Baseball Quiz

Opening Day lineups 1991-2012: White Sox Quiz Stats

 Plays Quiz not verified by Sporcle

Challenge
Share
Tweet
Embed
Score 0/220 Timer 15:00
0 Plays Today
Year Player % Correct
1991Frank Thomas
97.3%
1992Frank Thomas
97.3%
1993Frank Thomas
97.3%
1994Frank Thomas
97.3%
1995Frank Thomas
97.3%
1996Frank Thomas
97.3%
1997Frank Thomas
97.3%
1998Frank Thomas
97.3%
1999Frank Thomas
97.3%
2000Frank Thomas
97.3%
2001Frank Thomas
97.3%
2002Frank Thomas
97.3%
2003Frank Thomas
97.3%
2004Frank Thomas
97.3%
1999Paul Konerko
96.9%
2000Paul Konerko
96.9%
2001Paul Konerko
96.9%
2002Paul Konerko
96.9%
2003Paul Konerko
96.9%
2004Paul Konerko
96.9%
2005Paul Konerko
96.9%
2006Paul Konerko
96.9%
2007Paul Konerko
96.9%
2008Paul Konerko
96.9%
2009Paul Konerko
96.9%
2011Paul Konerko
96.5%
2012Paul Konerko
96.5%
2010Paul Konerko
93.7%
2002Mark Buehrle
92.5%
2003Mark Buehrle
92.5%
2004Mark Buehrle
92.5%
2005Mark Buehrle
92.5%
2006Mark Buehrle
92.5%
2008Mark Buehrle
92.5%
2009Mark Buehrle
92.5%
2005A.J. Pierzynski
91.1%
2006A.J. Pierzynski
91.1%
2007A.J. Pierzynski
91.1%
2008A.J. Pierzynski
91.1%
2009A.J. Pierzynski
91.1%
2011Mark Buehrle
90.5%
2005Jermaine Dye
90.5%
2006Jermaine Dye
90.5%
2007Jermaine Dye
90.5%
2008Jermaine Dye
90.5%
2009Jermaine Dye
90.5%
2010A.J. Pierzynski
90.4%
2011A.J. Pierzynski
90.1%
2012A.J. Pierzynski
90.1%
2010Mark Buehrle
89.6%
2009Alexei Ramirez
87.1%
2010Alexei Ramirez
86.9%
2011Alexei Ramirez
86.7%
2012Alexei Ramirez
86.7%
2008Alexi Ramirez
86.3%
2006Jim Thome
86.2%
2007Jim Thome
86.2%
2008Jim Thome
86.2%
2009Jim Thome
86.2%
2003Joe Crede
85.8%
2004Joe Crede
85.8%
2005Joe Crede
85.8%
2006Joe Crede
85.8%
2007Joe Crede
85.8%
2008Joe Crede
85.8%
2005Scott Podsednik
82.3%
2006Scott Podsednik
82.3%
1991Ozzie Guillen
82%
1992Ozzie Guillen
82%
1993Ozzie Guillen
82%
1994Ozzie Guillen
82%
1995Ozzie Guillen
82%
1996Ozzie Guillen
82%
1997Ozzie Guillen
82%
Year Player % Correct
1991Robin Ventura
81.7%
1992Robin Ventura
81.7%
1993Robin Ventura
81.7%
1994Robin Ventura
81.7%
1995Robin Ventura
81.7%
1996Robin Ventura
81.7%
1998Robin Ventura
81.7%
1991Lance Johnson
79.2%
1992Lance Johnson
79.2%
1993Lance Johnson
79.2%
1994Lance Johnson
79.2%
1995Lance Johnson
79.2%
2000Mark L. Johnson
78.5%
1998Magglio Ordonez
78.4%
1999Magglio Ordonez
78.4%
2000Magglio Ordonez
78.4%
2001Magglio Ordonez
78.4%
2002Magglio Ordonez
78.4%
2003Magglio Ordonez
78.4%
2004Magglio Ordonez
78.4%
2011Adam Dunn
78.2%
2012Adam Dunn
78.2%
2012Gordon Beckham
77.3%
2011Gordon Beckham
77.3%
2010Gordon Beckham
76.4%
1991Jack McDowell
75.7%
1992Jack McDowell
75.7%
1993Jack McDowell
75.7%
1994Jack McDowell
75.7%
1995Ray Durham
75%
1996Ray Durham
75%
1997Ray Durham
75%
1998Ray Durham
75%
1999Ray Durham
75%
2000Ray Durham
75%
2001Ray Durham
75%
2002Ray Durham
75%
1991Carlton Fisk
72.3%
2003Aaron Rowand
72.1%
2004Aaron Rowand
72.1%
2005Aaron Rowand
72.1%
2000Carlos Lee
71.7%
2001Carlos Lee
71.7%
2002Carlos Lee
71.7%
2003Carlos Lee
71.7%
2004Carlos Lee
71.7%
2005Juan Uribe
71.3%
2006Juan Uribe
71.3%
2007Juan Uribe
71.3%
2008Juan Uribe
71.3%
2009Carlos Quentin
70.9%
2010Juan Pierre
70.5%
1997Albert Belle
69.6%
1998Albert Belle
69.6%
2005Tadahito Iguchi
69.5%
2006Tadahito Iguchi
69.5%
2007Tadahito Iguchi
69.5%
1992George Bell
69.5%
1993George Bell
69.5%
2010Carlos Quentin
68.7%
2010Alexis Rios
66.2%
1994Darrin Jackson
65.5%
1999Darrin Jackson
65.5%
1992Ron Karkovice
65.4%
1993Ron Karkovice
65.4%
1994Ron Karkovice
65.4%
1995Ron Karkovice
65.4%
1996Ron Karkovice
65.4%
1997Ron Karkovice
65.4%
2011Alex Rios
65.3%
2012Alex Rios
65.3%
2006Brian Anderson
65%
2012John Danks
64.4%
1997Harold Baines
64.4%
Year Player % Correct
2011Juan Pierre
63%
2001Sandy Alomar, Jr.
62.9%
2002Sandy Alomar, Jr.
62.9%
2003Sandy Alomar, Jr.
62.9%
2004Sandy Alomar, Jr
62.9%
2011Carlos Quentin
62.4%
2005Carl Everett
62%
2007Jose Contreras
62%
1991Tim Raines
60.5%
1992Tim Raines
60.5%
1993Tim Raines
60.5%
1994Tim Raines
60.5%
1995Tim Raines
60.5%
2012Alejandro De Aza
59%
2000Jose Valentin
58.1%
2001Jose Valentin
58.1%
2002Jose Valentin
58.1%
2003Jose Valentin
58.1%
2004Jose Valentin
58.1%
2008Orlando Cabrera
56.4%
1995Alex Fernandez
56%
1996Alex Fernandez
56%
2012Dayan Viciedo
54.9%
1991Sammy Sosa
53.7%
1993Joey Cora
52.2%
1994Joey Cora
52.2%
2009Josh Fields
51%
2010Mark Teahen
50.9%
2002Kenny Lofton
50.6%
2011Brent Morel
49.3%
2012Brent Morel
49.3%
2010Mark Kotsay
49%
2001David Wells
46.9%
1999James Baldwin
45.6%
2009Dewayne Wise
45%
2009Chris Getz
45%
2008Nick Swisher
44.4%
1992Steve Sax
42.4%
2001Royce Clayton
42.2%
2002Royce Clayton
42.2%
2004Willie Harris
42.2%
1997Dave Martinez
41.8%
1998Mike Cameron
40.9%
2000Mike Sirotka
40.5%
2000Chris Singleton
39.4%
2001Herbert Perry
39.3%
2000Craig Wilson
39.3%
2007Darin Erstad
38.4%
1997Jaime Navarro
38.1%
1998Jaime Navarro
38.1%
1994Julio Franco
37.3%
1998Mike Caruso
37.3%
1999Mike Caruso
37.3%
1993Ellis Burks
37.1%
1998Greg Norton
35.3%
1999Greg Norton
35.3%
2007Pablo Ozuna
35.1%
1996Tony Phillips
34.2%
1997Tony Phillips
34.2%
1991Scott Fletcher
34%
2003D'Angelo Jimenez
33.2%
1996Danny Tartabull
32.9%
1999Brook Fordyce
32.3%
1996Darren Lewis
31.1%
1997Chris Snopek
28.7%
1995Chris Sabo
28.3%
1996Lyle Mouton
27.5%
1998Charlie O'Brien
25.5%
1999Jeff Abbott
25.3%
1995Mike Devereaux
25.3%
1991Cory Snyder
25.1%
1992Mike Huff
23.8%

You're not logged in!

Compare scores with friends on all Sporcle quizzes.
Join for Free
OR
Log In

You Might Also Like...

Show Comments

Extras

Top Quizzes Today


Score Distribution

Your Account Isn't Verified!

In order to create a playlist on Sporcle, you need to verify the email address you used during registration. Go to your Sporcle Settings to finish the process.

Report this User

Report this user for behavior that violates our Community Guidelines.

Details: